Statistics for 2/26 countries that start with B

Click here to take the quiz!

General Stats

  • This quiz has been taken 217 times
  • The average score is 14 of 18

Answer Stats

Answer% Correct
Belgium
87%
Bolivia
84%
Botswana
83%
Bulgaria
83%
Barbados
81%
Bosnia and Herzegovina
81%
Bahamas
80%
Bahrain
80%
Bangladesh
80%
Belize
80%
Bhutan
80%
Brazil
80%
Brunei
78%
Belarus
77%
Burundi
74%
Benin
73%
Burkina Faso
67%
Bermuda
22%

Score Distribution

Percentile by Number Answered

Percent of People with Each Score

Your Score History

You have not taken this quiz